Central Library, Doon University
WEBOPAC (ONLINE PUBLIC ACCESS CATALOGUE)

Introduction to coding theory (Record no. 60810)

MARC details
000 -LEADER
fixed length control field 00547nam a22001937a 4500
005 - DATE & TIME
control field 20260515161752.0
008 - FIXED-LENGTH DATA ELEMENTS--GENERAL INFORMATION
fixed length control field 260515b |||||||| |||| 00| 0 eng d
020 ## - ISBN
International Standard Book Number 9783642636530
Price 8466.14
040 ## - CATALOGING SOURCE
Original cataloging agency Doon University
041 ## - Language
Language English
082 ## - DDC NUMBER
Classification number 512.7
Book Number LIN
100 ## - MAIN ENTRY--PERSONAL NAME
Personal name Lint, Jacobus Hendricus Van
245 ## - TITLE STATEMENT
Title Introduction to coding theory
Sub Title : Graduate texts in mathematics
250 ## - EDITION STATEMENT
Edition statement 3rd
260 ## - PUBLICATION, DISTRIBUTION, ETC. (IMPRINT)
Place of publication, distribution, etc United State of America
Name of publisher, distributor, etc Springer
Date of publication, distribution, etc 1999
300 ## - PHYSICAL DESCRIPTION
Pages 227
650 ## - Subject
Subject Computer Science (PM (USHA)
942 ## - ADDED ENTRY ELEMENTS (KOHA)
Koha item type Books
100 ## - MAIN ENTRY--PERSONAL NAME
-- 127
650 ## - Subject
-- 26808
952 ## - LOCATION AND ITEM INFORMATION (KOHA)
-- 2026-05-15
Holdings
Withdrawn status Lost status Source of classification or shelving scheme Damaged status Not for loan Location (home branch) Sublocation or collection (holding branch) Date acquired Koha issues (times borrowed) Koha full call number Accession No. Koha date last seen Koha item type
        Not For Loan Doon University Doon University 15.05.2026   512.7 LIN 33168 15.05.2026 Reference
Contact : +91-135-2533126 (Library),+91-135-2533105 (Admin Office) , Email : doonlibrary@gmail.com

Powered by Koha